000
00310nam a22001337a 4500
008
260428b ||||| |||| 00| 0 eng d
020
_a
9789992747636
041
_a
Shqip
080
_a
821.1
100
_a
20
101
_a
Roman
245
_a
Harry Potter dhe Guri Filozofal
_c
J.K . Rowling
942
_2
udc
_c
BK
999
_c
61005
_d
61005